| 000 | 00448nam a22001697a 4500 | ||
|---|---|---|---|
| 003 | OSt | ||
| 005 | 20251120052528.0 | ||
| 008 | 251120b |||||||| |||| 00| 0 eng d | ||
| 040 | _aSEKU | ||
| 050 |
_aKSK 18 _b.A2K462 |
||
| 100 | _aMurungi, M. Michael | ||
| 245 | _aThe Kenya Law report 2009 | ||
| 260 |
_aKenya;Nairobi _bNationalCouncil for Law Reporting _c2009 |
||
| 300 | _a781.;p | ||
| 650 |
_aLaw reports _vDifets _zKenya |
||
| 942 |
_2lcc _cGEN |
||
| 999 |
_c18637 _d18637 |
||